| 000 | 00595cam a2200217ua 4500 | ||
|---|---|---|---|
| 005 | 20260429075532.0 | ||
| 008 | 141217n ii |||gr||||Z||||||asm | ||
| 020 | _a8126002166 | ||
| 040 | _cMAIN | ||
| 041 | _dasm | ||
| 082 |
_a920 _bBOR |
||
| 100 |
_aBora, Prafulla Chandra., _eauthor |
||
| 245 | 1 |
_aPadmanath Gohain Barua/ _cBy Prafulla Chandra Bora |
|
| 250 | _a2nd ed. | ||
| 260 |
_aNew Delhi: _bSahity akademi, _c2011. |
||
| 300 | _a65p. | ||
| 650 | _aA monograph on the Assamese writer | ||
| 653 | _aBiography, genealogy & insignia | ||
| 653 | _aAssamese biography | ||
| 942 |
_cBK _2ddc |
||
| 999 |
_c6689 _d6689 |
||